Extrakcia látok z brezovej kôry použitím zelených rozpúšťadiel s potenciálom ich využitia v kozmetike

Saved in:
Bibliographic Details
Main Author: Voleková, Katarína (Author)
Other Authors: Jablonský, Michal (Thesis advisor)
Format: Manuscript Book
Language:Slovak
Published: 2021
Subjects:
Online Access:http://is.stuba.sk/zp/portal_zp.pl?podrobnosti=148911
Tags: Add Tag
No Tags, Be the first to tag this record!

MARC

LEADER 00000ntm a22000003a 4500
001 stuzp83958
003 SK-STU
005 20210626211216.8
007 ta
008 150427s2015----xo-----f-mn---000-0-slo-d
040 |a STU  |b slo 
041 0 |a slo 
100 1 |a Voleková, Katarína  |u 049380  |4 aut  |U FCHPT Ústav prírodných a syntetických polymérov  |T FCHPT Oddelenie dreva, celulózy a papiera  |X 97388  |U C9380  |Y 129  |7 97388 
242 0 1 |a Extraction of substances from birch bark using green solvents with the potential for their use in cosmetics  |y eng 
245 1 0 |a Extrakcia látok z brezovej kôry použitím zelených rozpúšťadiel s potenciálom ich využitia v kozmetike 
260 |c 2021 
650 4 |a brezová kôra  |2 slo 
650 4 |a hlbokoeutektické rozpúšťadlá  |2 slo 
650 4 |a extrakcia  |2 slo 
650 4 |a kozmetický priemysel  |2 slo 
650 4 |a deep eutectic solvents  |2 eng 
650 4 |a birch bark  |2 eng 
650 4 |a extraction  |2 eng 
650 4 |a cosmetic industry  |2 eng 
700 1 |a Jablonský, Michal  |u 049380  |k Z1  |4 ths  |U FCHPT Ústav prírodných a syntetických polymérov  |T FCHPT Oddelenie dreva, celulózy a papiera  |X 4025  |U C9380  |Y 129  |7 A000004025 
856 4 |u http://is.stuba.sk/zp/portal_zp.pl?podrobnosti=148911